| 000 | 01237nam a22003137a 4500 | ||
|---|---|---|---|
| 005 | 20240530110438.0 | ||
| 008 | 150302s2003 su bofeg b 000 0 ara d | ||
| 017 |
_a1169/1424 _bالسعودية . مكتبة الملك فهد |
||
| 020 | _a9960403238 | ||
| 040 | _aEG-CaGPL | ||
| 041 | 0 | _aara | |
| 082 | 0 | 4 |
_221 _a953.02 _bس أ |
| 100 | 0 | _aسامى بن عبدالله بن احمد المغلوث | |
| 245 | 1 | 2 |
_aاطلس الفتوحات الاسلامية فى عهد الخلفاء الراشدين : _bرضى الله عنهم / _cتاليف سامى بن عبدالله بن احمد المغلوث |
| 250 | _aط1 | ||
| 260 |
_aالسعودية : _bمكتبة العبيكان ، _c2010 |
||
| 300 |
_a735 ص : _bايض ؛ _c30 سم |
||
| 504 | _aببليوجرافية : ص 731 - 733 | ||
| 650 | 0 | 4 | _aالفتوحات الاسلامية |
| 650 | 0 | 4 | _aانتشار الاسلام |
| 650 | 0 | 4 |
_aالفتوحات الاسلامية _xعصر الخلفاء الراشدين |
| 650 | 0 | 4 | _aفتح العراق |
| 650 | 0 | 4 | _aفتح ايران |
| 650 | 0 | 4 | _aفتح مصر |
| 650 | 0 | 4 | _aفتح بلاد الشام |
| 650 | 0 | 4 | _aفتح ارمينيا |
| 942 |
_2ddc _cBK |
||
| 999 |
_c60985 _d60985 |
||